| 000 | 00549nam a22001817a 4500 | ||
|---|---|---|---|
| 999 |
_c158113 _d158113 |
||
| 005 | 20181017111351.0 | ||
| 010 | _aB-710575 | ||
| 020 |
_a9789312148280 _c925.00 |
||
| 035 | _aB-710575 | ||
| 037 | _bArihant Publication | ||
| 082 | _a660 | ||
| 100 | _aGupta, Nikhil | ||
| 245 |
_aGate tutor 2019: _bChemical engineering _cby Nikhil Gupta and Abhinav Jain |
||
| 260 |
_aNew Delhi _bArihant Publication _c2019 |
||
| 300 |
_a771p. _c26cm.(Pbk) |
||
| 942 |
_2ddc _cEN _h660 _mGup |
||